000 00410nam a2200169 i 4500
001 bg
100 1 _aCRELL, Jan
245 0 _aO wolności sumienia /
_cJan Crell.
260 _aKraków,
_c1957.
490 1 _aBiblioteka Klasyków Filozofii
830 _aBiblioteka Klasyków Filozofii
040 _cBPK
041 _apol
080 _a172:261
942 _cKS
008 s pl f |000 0 pol
999 _c20200
_d20200
856 _uhttp://koha.tu.koszalin.pl/cgi-bin/koha/opac-detail.pl?biblionumber=20200
_yKatalog online BPK